| 000 | 00508 a2200181 4500 | ||
|---|---|---|---|
| 003 | Nust | ||
| 005 | 20170207153134.0 | ||
| 010 | _a 95021652 | ||
| 040 | _cNust | ||
| 082 | 0 | 0 | _a004.22 |
| 100 | 1 | _aJ M N | |
| 245 | 1 | 0 |
_a Computer Organization and Architecture _c L.M.N and J.M.L |
| 260 |
_aWilsonville, OR : _bFranklin, _cc1996. |
||
| 300 |
_aviii, 673 p. : _bill. ; _c24 cm. |
||
| 500 | _aIncludes index. | ||
| 650 | 0 | _aComputer architecture. | |
| 650 | 0 |
_aElectronic digital computers _xDesign and construction. |
|
| 942 |
_2ddc _cBK |
||
| 999 |
_c179775 _d179775 |
||